000 00509nam a2200157 4500
008 060518s1966 tnua b 000 0 eng
090 _aBV4910
_bSw7
100 1 _aSwor, Chester E.
245 1 0 _aNeither down nor out.
260 _aNashville :
_bBroadman Press,
_c[1966]
300 _a160 p. :
_billus. ;
_c21 cm.
504 _aBibliographical footnotes.
650 4 _aConsolation.
650 4 _aPeople with disabilities
_xReligious life.
951 _p8015
_x00008402
_oBV4910/Sw7
_j070613111554562
_d2000-12-21
_cGC
999 _c26676
_d26676